000 00901nam a2200301 i 4500
003 EG-GICUC
005 20260422123928.0
008 260422s1970 be ||fr|||| 00| 0 fre d
040 _a EG-GICUC
_bfre
_c EG-GICUC
_d EG-GICUC
_erda
041 _afre
082 0 4 _221
_a343.5
_bGL . D
092 0 4 _221
099 _aLaw1 10 343.5 GL . D 1970
100 1 _a Glaser,Stefan
_eAuteur
245 0 0 _aDroit International Pénal Conventionnel /
_cStefan Glaser .
264 _aBelgium:
_bBruxelles ,
_c1970.
300 _a649 صفحة ;
_c24 سم
336 _2rda content
_atext
337 _2rda media
_aComputer
338 _2rda carrier
_aOnline Resource
546 _aTexte en français
650 1 _aDroit pénal
_2qrmak
650 1 _aDroit International
_2qrmak
651 1 _2qrmak
856 4 0 _uhttps://fll.law.cu.edu.eg/fulltext/bks/B10-10633.pdf
905 _a72
942 _2ddc
_n0
_cBK
_e21
999 _c72816
_d72816